Fluorinated Surfaces, coatings and films
Bewaard in:
| Formaat: | Boek |
|---|---|
| Taal: | Undetermined |
| Gepubliceerd in: |
Washington, D.C.
American chemical Society
2001
|
| Onderwerpen: | |
| Tags: |
Voeg label toe
Geen labels, Wees de eerste die dit record labelt!
|
| Thư viện lưu trữ: | Trung tâm Học liệu Trường Đại học Cần Thơ |
|---|
| LEADER | 00522nam a2200169Ia 4500 | ||
|---|---|---|---|
| 001 | CTU_49425 | ||
| 008 | 210402s9999 xx 000 0 und d | ||
| 082 | |a 667.9 | ||
| 082 | |b A512 | ||
| 245 | 0 | |a Fluorinated Surfaces, coatings and films | |
| 245 | 0 | |c Edited by DAVID G CASTNER | |
| 260 | |a Washington, D.C. | ||
| 260 | |b American chemical Society | ||
| 260 | |c 2001 | ||
| 650 | |a fluoropolymers,coatings,thin films | ||
| 650 | |x congresses,congresses,congresses | ||
| 980 | |a Trung tâm Học liệu Trường Đại học Cần Thơ | ||